Statistics for 20 World Capitals Likely to be Closest to Random Point

Click here to take the quiz!

General Stats

  • This quiz has been taken 2,362 times
    (2,270 since last reset)
  • The average score is 13 of 20

Answers on the Map

Answers color-coded by a green-red scale on the quiz's map according to % correct below.
 

Answer Stats

% ChanceCapital% Correct
3.67Tokyo
91%
4.05Canberra
90%
3.66Ottawa
88%
5.38Mexico City
87%
1.98Brasília
86%
4.16Santiago
86%
5.54Wellington
85%
1.92Lima
79%
4.56Cape Town
76%
2.14Jakarta
76%
3.03Reykjavík
74%
2.13Ulaanbaatar
70%
3.14Montevideo
61%
1.10Astana
57%
3.74Apia
49%
3.30Port Louis
44%
1.39Dili
43%
1.43Nukuʻalofa
38%
3.15Majuro
36%
1.39Praia
34%

Score Distribution

Percentile by Number Answered

Percent of People with Each Score

Your Score History

You have not taken this quiz since the last reset